[Event "Charlesbourg Olympiade"]
[Site "Charlesbourg CAN"]
[Date "2011.10.24"]
[Round "3"]
[White "Plante, Rejean"]
[Black "Chiffot, Nicolas"]
[Result "1/2-1/2"]
[WhiteElo "2055"]
[BlackElo "2035"]
[PlyCount "79"]
[GameId "2160767909647936"]
[EventDate "2011.10.10"]
[EventType "swiss"]
[EventRounds "6"]
[EventCountry "CAN"]
[SourceTitle "EXT 2022"]
[Source "ChessBase"]
[SourceDate "2021.10.06"]
[SourceVersion "1"]
[SourceVersionDate "2021.10.06"]
[SourceQuality "1"]

1. d4 Nf6 2. c4 g6 3. Nc3 d5 4. Nf3 Bg7 5. Qb3 dxc4 6. Qxc4 O-O 7. e4 Na6 8. Be2 c5 9. d5 e6 10. O-O exd5 11. exd5 Bf5 12. Rd1 Re8 13. Bg5 h6 14. Bh4 Qd7 15. Qb5 g5 16. Bg3 Ne4 17. Qxd7 Bxd7 18. Nxe4 Rxe4 19. Bd3 Ree8 20. Bxa6 bxa6 21. Rd2 Re4 22. h3 Rae8 23. Bd6 c4 24. Rc1 Bf6 25. Bc5 h5 26. Bd4 Bd8 27. Be3 g4 28. hxg4 hxg4 29. Nd4 g3 30. Rxc4 Bg5 31. Rd1 Bxe3 32. fxe3 Rxe3 33. Rf1 R8e5 34. d6 Rd5 35. b3 Rxd6 36. Nf5 Bxf5 37. Rxf5 Re1+ 38. Rf1 Re2 39. Rg4+ Rg6 40. Rgf4 1/2-1/2

[Event "Charlesbourg Olympiade"]
[Site "Charlesbourg CAN"]
[Date "2011.10.31"]
[Round "4"]
[White "Chiffot, Nicolas"]
[Black "Beaudoin, Stephane"]
[Result "0-1"]
[WhiteElo "2035"]
[BlackElo "2060"]
[PlyCount "46"]
[GameId "2160767909647937"]
[EventDate "2011.10.10"]
[EventType "swiss"]
[EventRounds "6"]
[EventCountry "CAN"]
[SourceTitle "EXT 2022"]
[Source "ChessBase"]
[SourceDate "2021.10.06"]
[SourceVersion "1"]
[SourceVersionDate "2021.10.06"]
[SourceQuality "1"]

1. b3 Nf6 2. Bb2 g6 3. Bxf6 exf6 4. c4 Bg7 5. Nc3 O-O 6. Nf3 d6 7. g3 Nc6 8. Bg2 f5 9. O-O Ne5 10. Rc1 c6 11. e3 g5 12. Ne1 f4 13. d4 Ng6 14. Nd3 fxe3 15. fxe3 Qe7 16. Qf3 f5 17. Rce1 Qd8 18. Kh1 Qa5 19. Rc1 f4 20. Qh5 Qf5 21. gxf4 Qxd3 22. Be4 Qxe3 23. f5 Bxf5 0-1

[Event "Charlesbourg Olympiade"]
[Site "Charlesbourg CAN"]
[Date "2011.10.31"]
[Round "4"]
[White "Fecteau, Martin"]
[Black "Fortier, Bertrand"]
[Result "1-0"]
[WhiteElo "2026"]
[BlackElo "1753"]
[PlyCount "133"]
[GameId "2160767909647938"]
[EventDate "2011.10.10"]
[EventType "swiss"]
[EventRounds "6"]
[EventCountry "CAN"]
[SourceTitle "EXT 2022"]
[Source "ChessBase"]
[SourceDate "2021.10.06"]
[SourceVersion "1"]
[SourceVersionDate "2021.10.06"]
[SourceQuality "1"]

1. d4 Nf6 2. c4 e6 3. Nf3 d5 4. e3 c5 5. Nc3 Nc6 6. Be2 a6 7. cxd5 exd5 8. O-O cxd4 9. exd4 Bd6 10. Bg5 Be6 11. Re1 O-O 12. h3 Be7 13. Bd3 Rc8 14. a3 Nd7 15. Bxe7 Nxe7 16. Ng5 Ng6 17. Nxe6 fxe6 18. Bxg6 hxg6 19. Rxe6 Qh4 20. Qe2 Nf6 21. Qe3 Rc4 22. Rd1 Qh5 23. f3 Qf5 24. Re7 Qc2 25. Rd2 Qc1+ 26. Kh2 Rcc8 27. Re2 Qa1 28. Qe6+ Kh7 29. Qe3 Rce8 30. Qd2 Ne4 31. fxe4 Rxe7 32. Nxd5 Ref7 33. Ne3 Qb1 34. Ng4 Qf1 35. d5 Rd8 36. Rf2 Rxf2 37. Qxf2 Qxf2 38. Nxf2 Kg8 39. Kg3 Kf7 40. Kf4 Rc8 41. Nd3 Rc2 42. g3 Rd2 43. Ke3 Rd1 44. e5 Ke7 45. Ke4 b6 46. d6+ Kd7 47. b4 Rd2 48. Ke3 Rg2 49. Kf3 Rc2 50. Ke3 a5 51. Kd4 Rd2 52. Kc4 Ke6 53. Kd4 Kd7 54. Ke4 Re2+ 55. Kd5 Rd2 56. e6+ Kd8 57. Kd4 Rd1 58. Ke3 Rb1 59. Ne5 Re1+ 60. Kf4 Rf1+ 61. Ke4 Re1+ 62. Kd5 Rd1+ 63. Kc6 Ke8 64. Nf7 Rc1+ 65. Kxb6 Rd1 66. d7+ Ke7 67. d8=Q+ 1-0

[Event "Charlesbourg Olympiade"]
[Site "Charlesbourg CAN"]
[Date "2011.10.31"]
[Round "4"]
[White "Lessard, Claude"]
[Black "Plante, Rejean"]
[Result "0-1"]
[WhiteElo "2038"]
[BlackElo "2050"]
[PlyCount "80"]
[GameId "2160767909647939"]
[EventDate "2011.10.10"]
[EventType "swiss"]
[EventRounds "6"]
[EventCountry "CAN"]
[SourceTitle "EXT 2022"]
[Source "ChessBase"]
[SourceDate "2021.10.06"]
[SourceVersion "1"]
[SourceVersionDate "2021.10.06"]
[SourceQuality "1"]

1. d4 Nf6 2. Bf4 d6 3. c4 g6 4. Nc3 Bg7 5. Qd2 h6 6. h3 Nbd7 7. Nf3 c5 8. d5 Qa5 9. e4 Nh5 10. Be3 g5 11. g3 Ne5 12. Nxe5 Bxe5 13. Rc1 Nf6 14. Bd3 Bd7 15. f4 Bxc3 16. bxc3 O-O-O 17. f5 e6 18. fxe6 fxe6 19. O-O Rdf8 20. Kg2 e5 21. Rb1 Rh7 22. Rb2 Rhf7 23. Rfb1 b6 24. Rb3 Qa6 25. a4 Qa5 26. Qb2 Be8 27. Rb5 Qa6 28. a5 Bxb5 29. cxb5 Qb7 30. axb6 axb6 31. c4 Qa8 32. Qe2 Ra7 33. Rb2 Ra1 34. Qf3 Qa3 35. Rd2 Qc1 36. Kh2 Nd7 37. Qg2 Qe1 38. Bg1 Rf3 39. Bf2 Qxd2 40. Qxf3 Ra3 0-1

[Event "Charlesbourg Olympiade"]
[Site "Charlesbourg CAN"]
[Date "2011.10.31"]
[Round "4"]
[White "Poliquin, Yvone"]
[Black "Glode, Martin"]
[Result "1/2-1/2"]
[WhiteElo "1947"]
[BlackElo "1836"]
[PlyCount "164"]
[GameId "2160767909647940"]
[EventDate "2011.10.10"]
[EventType "swiss"]
[EventRounds "6"]
[EventCountry "CAN"]
[SourceTitle "EXT 2022"]
[Source "ChessBase"]
[SourceDate "2021.10.06"]
[SourceVersion "1"]
[SourceVersionDate "2021.10.06"]
[SourceQuality "1"]

1. e4 d6 2. d4 Nf6 3. Nc3 e5 4. dxe5 dxe5 5. Qxd8+ Kxd8 6. Bg5 Be6 7. O-O-O+ Kc8 8. Nge2 Bc5 9. f3 Nbd7 10. Kb1 a6 11. g3 h6 12. Bc1 c6 13. b3 Kc7 14. h3 Rad8 15. Bg2 Ng8 16. Na4 Bd6 17. f4 f6 18. f5 Bf7 19. g4 b5 20. Nb2 Ne7 21. Be3 Nc8 22. Ng3 Be7 23. Nd3 Ndb6 24. h4 a5 25. g5 hxg5 26. hxg5 a4 27. g6 Rxh1 28. Rxh1 Bg8 29. Nh5 Bf8 30. Ng3 Nd7 31. Rh8 Ne7 32. Bf3 axb3 33. axb3 Kd6 34. Be2 c5 35. Nb2 Kc6 36. Rh1 Nb6 37. c4 bxc4 38. bxc4 Nec8 39. Rh8 Ne7 40. Nf1 Rb8 41. Kc2 Ra8 42. Nd2 Nd7 43. Nb3 Ra3 44. Bf2 Ra2 45. Rh1 Nc8 46. Rh8 Ne7 47. Rh1 Nc8 48. Ra1 Rxa1 49. Nxa1 Nd6 50. Bd3 Nb6 51. Kc3 Nb7 52. Nc2 Na5 53. Ne3 Bd6 54. Bh4 Nd7 55. Ng4 Be7 56. Bc2 Kd6 57. Ba4 Nc6 58. Bxc6 Kxc6 59. Na4 Kd6 60. Nb2 Nb8 61. Nd3 Nc6 62. Bf2 Nd4 63. Bxd4 exd4+ 64. Kb3 Bd8 65. Nf4 Be7 66. Nd3 Bd8 67. Nb2 Bc7 68. Kc2 Kc6 69. Kd3 Bf4 70. Nd1 Bc7 71. Ndf2 Bg3 72. Nh3 Bc7 73. Ng1 Bf4 74. Nf3 Kd6 75. e5+ Bxe5 76. Nfxe5 fxe5 77. f6 gxf6 78. Nxf6 Be6 79. g7 e4+ 80. Nxe4+ Ke5 81. Nxc5 Bg8 82. Nd7+ Ke6 1/2-1/2

[Event "Charlesbourg Olympiade"]
[Site "Charlesbourg CAN"]
[Date "2011.11.07"]
[Round "5"]
[White "Glode, Martin"]
[Black "Fortier, Bertrand"]
[Result "1/2-1/2"]
[WhiteElo "1836"]
[BlackElo "1850"]
[PlyCount "83"]
[GameId "2160767909647941"]
[EventDate "2011.10.10"]
[EventType "swiss"]
[EventRounds "6"]
[EventCountry "CAN"]
[SourceTitle "EXT 2022"]
[Source "ChessBase"]
[SourceDate "2021.10.06"]
[SourceVersion "1"]
[SourceVersionDate "2021.10.06"]
[SourceQuality "1"]

1. e4 g6 2. d4 Bg7 3. Nf3 d6 4. Nc3 Nd7 5. Be3 c6 6. a4 Ngf6 7. h3 a5 8. Qd2 O-O 9. Be2 Rb8 10. e5 Ne8 11. Bf4 Qb6 12. O-O Ra8 13. Rfb1 dxe5 14. dxe5 Nc7 15. Be3 Qb4 16. Bh6 Ne6 17. Bxg7 Kxg7 18. Qe3 Qf4 19. Qxf4 Nxf4 20. Bf1 e6 21. Rd1 f6 22. exf6+ Nxf6 23. Ne5 N4d5 24. Nxd5 exd5 25. Bd3 Nd7 26. Re1 Nc5 27. Bf1 Bf5 28. g4 Be4 29. Bg2 Rae8 30. Bxe4 Nxe4 31. Nd3 Nd2 32. Kg2 b6 33. Rad1 Rxe1 34. Rxe1 Ne4 35. Re2 c5 36. f3 Ng5 37. Re7+ Rf7 38. Rxf7+ Nxf7 39. f4 Kf6 40. Kf3 c4 41. Nc1 Nd6 42. Ne2 1/2-1/2

[Event "Charlesbourg Olympiade"]
[Site "Charlesbourg CAN"]
[Date "2011.11.07"]
[Round "5"]
[White "Lessard, Claude"]
[Black "Chiffot, Nicolas"]
[Result "1/2-1/2"]
[WhiteElo "2038"]
[BlackElo "2035"]
[PlyCount "41"]
[GameId "2160767909647942"]
[EventDate "2011.10.10"]
[EventType "swiss"]
[EventRounds "6"]
[EventCountry "CAN"]
[SourceTitle "EXT 2022"]
[Source "ChessBase"]
[SourceDate "2021.10.06"]
[SourceVersion "1"]
[SourceVersionDate "2021.10.06"]
[SourceQuality "1"]

1. d4 d5 2. e3 Nf6 3. Bd3 g6 4. c4 Bg7 5. Nc3 O-O 6. Nge2 c5 7. O-O cxd4 8. exd4 Nc6 9. h3 Nb4 10. Be3 Nxd3 11. Qxd3 Bf5 12. Qd1 dxc4 13. Re1 Rc8 14. a4 Qa5 15. Bd2 Qb6 16. Qc1 Rfd8 17. a5 Qc6 18. Be3 Be6 19. Nf4 Bd5 20. f3 h5 21. Bf2 1/2-1/2

[Event "Charlesbourg Olympiade"]
[Site "Charlesbourg CAN"]
[Date "2011.11.07"]
[Round "5"]
[White "Plante, Rejean"]
[Black "Beaudoin, Stephane"]
[Result "1/2-1/2"]
[WhiteElo "2055"]
[BlackElo "2060"]
[PlyCount "87"]
[GameId "2160767909647943"]
[EventDate "2011.10.10"]
[EventType "swiss"]
[EventRounds "6"]
[EventCountry "CAN"]
[SourceTitle "EXT 2022"]
[Source "ChessBase"]
[SourceDate "2021.10.06"]
[SourceVersion "1"]
[SourceVersionDate "2021.10.06"]
[SourceQuality "1"]

1. d4 Nf6 2. c4 g6 3. Nc3 Bg7 4. e4 d6 5. Be2 O-O 6. Bg5 c5 7. d5 b5 8. cxb5 a6 9. Nf3 axb5 10. Bxb5 Nxe4 11. Nxe4 Qa5+ 12. Nc3 Bxc3+ 13. bxc3 Qxb5 14. Nd2 Qd3 15. c4 f6 16. Be3 Na6 17. Qb3 Bf5 18. Rc1 Nb4 19. Rc3 Nc2+ 20. Kd1 Nxe3+ 21. fxe3 Bg4+ 22. Kc1 Qe2 23. g3 Rfb8 24. Qc2 Rb4 25. a3 Rb7 26. Rb3 Bf5 27. Qb2 Rba7 28. Rb8+ Kf7 29. Rxa8 Rxa8 30. Qb3 Ra7 31. Rd1 Bd7 32. Rf1 Ba4 33. Qc3 Rb7 34. h4 h5 35. e4 Rb3 36. Rxf6+ exf6 37. Nxb3 Qxe4 38. Nd2 Qe1+ 39. Kb2 Qd1 40. Qd3 Bd7 41. Qc2 Qg1 42. Qd3 Bf5 43. Qc3 Qd1 44. Qc1 1/2-1/2

[Event "Charlesbourg Olympiade"]
[Site "Charlesbourg CAN"]
[Date "2011.11.14"]
[Round "6"]
[White "Beaudoin, Stephane"]
[Black "Lessard, Claude"]
[Result "1-0"]
[WhiteElo "2060"]
[BlackElo "2038"]
[PlyCount "77"]
[GameId "2160767909647944"]
[EventDate "2011.10.10"]
[EventType "swiss"]
[EventRounds "6"]
[EventCountry "CAN"]
[SourceTitle "EXT 2022"]
[Source "ChessBase"]
[SourceDate "2021.10.06"]
[SourceVersion "1"]
[SourceVersionDate "2021.10.06"]
[SourceQuality "1"]

1. e4 c6 2. d4 d5 3. Nc3 dxe4 4. Nxe4 Nf6 5. Nxf6+ exf6 6. Be3 Qb6 7. Qc1 Bd6 8. Bd3 O-O 9. Nf3 Bg4 10. Nd2 Re8 11. O-O Qc7 12. h3 Bh5 13. Ne4 Bh2+ 14. Kh1 f5 15. Ng5 h6 16. Nf3 Bxf3 17. gxf3 Rxe3 18. Qxe3 Nd7 19. Bxf5 Nf6 20. Rfe1 Kf8 21. c4 Bf4 22. Qa3+ Bd6 23. Qd3 Rd8 24. Rg1 Bc5 25. d5 cxd5 26. Rad1 Bxf2 27. Rg2 Bb6 28. cxd5 Rxd5 29. Qb1 Rc5 30. Qd3 Rc1 31. Rgd2 Rxd1+ 32. Rxd1 g6 33. Be4 Nh5 34. Qd6+ Kg7 35. Qxc7 Bxc7 36. Rd7 Bb6 37. Bd5 Kf6 38. Rxf7+ Kg5 39. Bxb7 1-0

[Event "Charlesbourg Zukertort"]
[Site "Charlesbourg CAN"]
[Date "2011.04.25"]
[Round "1"]
[White "Fecteau, Martin"]
[Black "Hebert, Marc"]
[Result "1-0"]
[WhiteElo "2037"]
[BlackElo "1644"]
[PlyCount "55"]
[GameId "2160767909770559"]
[EventDate "2011.04.25"]
[EventType "swiss"]
[EventRounds "5"]
[EventCountry "CAN"]
[SourceTitle "EXT 2022"]
[Source "ChessBase"]
[SourceDate "2021.10.06"]
[SourceVersion "1"]
[SourceVersionDate "2021.10.06"]
[SourceQuality "1"]

1. d4 Nf6 2. Nf3 d5 3. c4 e6 4. g3 dxc4 5. Bg2 Bb4+ 6. Nc3 c5 7. O-O O-O 8. a3 cxd4 9. Nxd4 Bxc3 10. bxc3 e5 11. Nb5 Qe7 12. a4 Rd8 13. Qc2 a6 14. Ba3 Qd7 15. Rad1 axb5 16. Rxd7 Rxd7 17. a5 Nc6 18. Bh3 Rd8 19. Bxc8 Raxc8 20. Rb1 Nxa5 21. Rxb5 Nb3 22. Qf5 Rc6 23. Rxb7 g6 24. Qxe5 Re6 25. Qg5 Rd1+ 26. Kg2 Kg7 27. Qf4 Nd7 28. Qxc4 1-0

[Event "Charlesbourg Zukertort"]
[Site "Charlesbourg CAN"]
[Date "2011.04.25"]
[Round "1"]
[White "Gagnon, Alain"]
[Black "Lessard, Claude"]
[Result "0-1"]
[WhiteElo "2094"]
[BlackElo "1649"]
[PlyCount "56"]
[GameId "2160767909770560"]
[EventDate "2011.04.25"]
[EventType "swiss"]
[EventRounds "5"]
[EventCountry "CAN"]
[SourceTitle "EXT 2022"]
[Source "ChessBase"]
[SourceDate "2021.10.06"]
[SourceVersion "1"]
[SourceVersionDate "2021.10.06"]
[SourceQuality "1"]

1. e4 c6 2. d4 d5 3. f3 dxe4 4. fxe4 e5 5. Nf3 Nf6 6. Qd3 exd4 7. Nxd4 Bg4 8. Nc3 Nbd7 9. Bf4 Bb4 10. Bd2 Nc5 11. Qe3 Bxc3 12. Bxc3 Ncxe4 13. Bd3 O-O 14. O-O Nxc3 15. bxc3 Re8 16. Qf4 Qb8 17. Qd2 Qd6 18. Nb5 Qc5+ 19. Nd4 Rad8 20. Rf4 Qe5 21. Raf1 Qe3+ 22. Qxe3 Rxe3 23. h3 Bc8 24. Nf3 b5 25. Ng5 h6 26. Ne4 Nxe4 27. Bxe4 Be6 28. Bxc6 Bc4 0-1

[Event "Charlesbourg Zukertort"]
[Site "Charlesbourg CAN"]
[Date "2011.05.09"]
[Round "2"]
[White "Lapierre, Gaetan"]
[Black "Fecteau, Martin"]
[Result "0-1"]
[WhiteElo "1895"]
[BlackElo "2037"]
[PlyCount "86"]
[GameId "2160767909770561"]
[EventDate "2011.04.25"]
[EventType "swiss"]
[EventRounds "5"]
[EventCountry "CAN"]
[SourceTitle "EXT 2022"]
[Source "ChessBase"]
[SourceDate "2021.10.06"]
[SourceVersion "1"]
[SourceVersionDate "2021.10.06"]
[SourceQuality "1"]

1. e4 c5 2. c3 Nf6 3. e5 Nd5 4. d4 cxd4 5. cxd4 e6 6. a3 Nc6 7. b4 a6 8. Nf3 b5 9. Be2 Bb7 10. O-O Qb6 11. Qd3 Be7 12. Rd1 O-O 13. Bg5 h6 14. Bxe7 Ncxe7 15. Bf1 Nf4 16. Qd2 Bxf3 17. gxf3 Ned5 18. Nc3 Nxc3 19. Qxc3 Qd8 20. Rac1 Qg5+ 21. Kh1 f6 22. Qc7 fxe5 23. dxe5 Rf5 24. Rxd7 Qg6 25. Rd8+ Rxd8 26. Qxd8+ Rf8 27. Qd7 Kh7 28. Qe7 Rf5 29. Qh4 Rg5 30. Bxb5 Ng2 31. Qe4 axb5 32. Qxg6+ Kxg6 33. a4 Nf4 34. a5 Rxe5 35. a6 Rd5 36. a7 Rd8 37. h4 Nd5 38. Rc6 Kf6 39. Rd6 Ra8 40. Rd7 Nxb4 41. Rb7 Nd5 42. Kg2 b4 43. Kf1 b3 0-1

[Event "Charlesbourg Zukertort"]
[Site "Charlesbourg CAN"]
[Date "2011.05.09"]
[Round "2"]
[White "Lessard, Claude"]
[Black "Glode, Martin"]
[Result "1-0"]
[WhiteElo "2094"]
[BlackElo "1840"]
[PlyCount "57"]
[GameId "2160767909770562"]
[EventDate "2011.04.25"]
[EventType "swiss"]
[EventRounds "5"]
[EventCountry "CAN"]
[SourceTitle "EXT 2022"]
[Source "ChessBase"]
[SourceDate "2021.10.06"]
[SourceVersion "1"]
[SourceVersionDate "2021.10.06"]
[SourceQuality "1"]

1. d4 d5 2. Nf3 Nf6 3. g3 Bf5 4. Bg2 h6 5. O-O e6 6. c4 c6 7. cxd5 exd5 8. Qb3 Qb6 9. Qxb6 axb6 10. Nc3 Bd6 11. Ne5 O-O 12. f3 b5 13. e4 dxe4 14. fxe4 Bh7 15. Nxc6 Nxc6 16. e5 Nxe5 17. dxe5 Bxe5 18. Nxb5 Bd3 19. Re1 Rfe8 20. Bxb7 Rab8 21. Bc6 Re6 22. Rxe5 Rxe5 23. a4 Rc5 24. Bf4 Rc8 25. Bb7 Re8 26. Nc3 Bc4 27. a5 Bb3 28. a6 Nd5 29. Bd6 1-0

[Event "Charlesbourg Zukertort"]
[Site "Charlesbourg CAN"]
[Date "2011.05.16"]
[Round "3"]
[White "Beaudoin, Stephane"]
[Black "Hebert, Marc"]
[Result "1-0"]
[WhiteElo "2020"]
[BlackElo "1650"]
[PlyCount "57"]
[GameId "2160767909770563"]
[EventDate "2011.04.25"]
[EventType "swiss"]
[EventRounds "5"]
[EventCountry "CAN"]
[SourceTitle "EXT 2022"]
[Source "ChessBase"]
[SourceDate "2021.10.06"]
[SourceVersion "1"]
[SourceVersionDate "2021.10.06"]
[SourceQuality "1"]

1. e4 e5 2. f4 Bc5 3. Nf3 d6 4. d4 exd4 5. Bd3 Nc6 6. O-O Nge7 7. Kh1 O-O 8. Nbd2 Ng6 9. Nb3 Bb6 10. Qe1 Bg4 11. a4 a5 12. Qg3 Bxf3 13. Qxf3 Qe7 14. c3 Rae8 15. Bd2 dxc3 16. bxc3 Nh4 17. Qg3 Qd8 18. f5 Ne5 19. Bg5 f6 20. Bxh4 d5 21. Rad1 Qd7 22. Bb5 c6 23. Be2 Qf7 24. exd5 cxd5 25. Qf4 Qc7 26. Bb5 Rd8 27. Nd4 Qxc3 28. Ne6 Be3 29. Qg3 1-0

[Event "Charlesbourg Zukertort"]
[Site "Charlesbourg CAN"]
[Date "2011.05.16"]
[Round "3"]
[White "Fecteau, Martin"]
[Black "Fortier, Bertrand"]
[Result "1-0"]
[WhiteElo "2022"]
[BlackElo "1815"]
[PlyCount "47"]
[GameId "2160767909770564"]
[EventDate "2011.04.25"]
[EventType "swiss"]
[EventRounds "5"]
[EventCountry "CAN"]
[SourceTitle "EXT 2022"]
[Source "ChessBase"]
[SourceDate "2021.10.06"]
[SourceVersion "1"]
[SourceVersionDate "2021.10.06"]
[SourceQuality "1"]

1. d4 Nf6 2. Nf3 g6 3. g3 Bg7 4. Bg2 d5 5. c4 c6 6. O-O O-O 7. Nc3 e6 8. b3 Nbd7 9. Bb2 Re8 10. e3 a6 11. Re1 c5 12. e4 dxe4 13. Nxe4 Nxe4 14. Rxe4 cxd4 15. Bxd4 Nf6 16. Re1 Qa5 17. Qc2 Nd7 18. Bxg7 Kxg7 19. Qb2+ Kg8 20. Ne5 Qc7 21. Ng4 Kf8 22. Qh8+ Ke7 23. Qxh7 Rf8 24. Qg7 1-0

[Event "Charlesbourg Zukertort"]
[Site "Charlesbourg CAN"]
[Date "2011.05.16"]
[Round "3"]
[White "Plante, Rejean"]
[Black "Lessard, Claude"]
[Result "1-0"]
[WhiteElo "2020"]
[BlackElo "2094"]
[PlyCount "179"]
[GameId "2160767909770565"]
[EventDate "2011.04.25"]
[EventType "swiss"]
[EventRounds "5"]
[EventCountry "CAN"]
[SourceTitle "EXT 2022"]
[Source "ChessBase"]
[SourceDate "2021.10.06"]
[SourceVersion "1"]
[SourceVersionDate "2021.10.06"]
[SourceQuality "1"]

1. c4 Nf6 2. Nf3 d6 3. d4 g6 4. Nc3 Bg7 5. e4 O-O 6. h3 Nc6 7. Bg5 h6 8. Be3 e5 9. d5 Ne7 10. Qd2 Kh7 11. g4 Nd7 12. Bd3 Nc5 13. Bc2 a6 14. O-O-O b5 15. cxb5 axb5 16. Bxc5 dxc5 17. Nxb5 Bd7 18. Nc3 Nc8 19. Qe3 Ra5 20. Nd2 Nd6 21. Nb3 Ra7 22. Nxc5 Ra8 23. Bd3 Qe7 24. Nxd7 Qxd7 25. f3 Rfb8 26. Rh2 c5 27. dxc6 Qxc6 28. Rc2 Nc4 29. Bxc4 Qxc4 30. Qd3 Qb4 31. Qd6 Qa5 32. Rd5 Qa7 33. Qc5 Qb7 34. Qc4 Qe7 35. Rc5 Qg5+ 36. Kb1 Qe3 37. Rc7 Qe1+ 38. Rc1 Qd2 39. b3 Rf8 40. Rd1 Qf4 41. Rdd7 Kg8 42. Qd3 h5 43. a4 hxg4 44. hxg4 Bh6 45. Ne2 Qh2 46. Qc4 Qh1+ 47. Ka2 Qxf3 48. Nc3 Qg2+ 49. Qe2 Qh1 50. Nb5 Rad8 51. Nd6 Rxd7 52. Rxd7 Qc1 53. Nc4 Bg5 54. a5 Ra8 55. Qd3 Qg1 56. Qd5 Qf2+ 57. Ka3 Rb8 58. Nb6 Qf1 59. Ka4 Qf2 60. Kb5 Qf1+ 61. Qc4 Qf2 62. Ka6 Be3 63. Qc7 Re8 64. Rd8 Rxd8 65. Qxd8+ Kg7 66. Kb7 Qe2 67. Qd5 Qxg4 68. Qxe5+ Kg8 69. Qd5 Qh4 70. a6 Qe7+ 71. Nd7 Qb4+ 72. Kc8 Qa3 73. Qc4 g5 74. e5 Kg7 75. b4 Qa4 76. Kc7 Qa3 77. b5 Qe7 78. Qd5 Qa3 79. Qc6 g4 80. Qf6+ Kg8 81. e6 Qc1+ 82. Kb7 Qh1+ 83. Kb8 Qh2+ 84. Ne5 fxe6 85. Qf7+ Kh8 86. Qf6+ Kg8 87. Qxe6+ Kh8 88. Kc8 Qc2+ 89. Nc6 Qg2 90. Qxe3 1-0

[Event "Charlesbourg Zukertort"]
[Site "Charlesbourg CAN"]
[Date "2011.05.23"]
[Round "4"]
[White "Fecteau, Martin"]
[Black "Plante, Rejean"]
[Result "1/2-1/2"]
[WhiteElo "2037"]
[BlackElo "2020"]
[PlyCount "115"]
[GameId "2160767909770566"]
[EventDate "2011.04.25"]
[EventType "swiss"]
[EventRounds "5"]
[EventCountry "CAN"]
[SourceTitle "EXT 2022"]
[Source "ChessBase"]
[SourceDate "2021.10.06"]
[SourceVersion "1"]
[SourceVersionDate "2021.10.06"]
[SourceQuality "1"]

1. d4 Nf6 2. Nf3 g6 3. c4 c5 4. d5 Bg7 5. g3 O-O 6. Bg2 d6 7. O-O Na6 8. Nc3 Nc7 9. e4 Rb8 10. Qe2 a6 11. a4 b6 12. h3 Bd7 13. e5 Nfe8 14. Bf4 b5 15. axb5 axb5 16. Nd2 bxc4 17. Nxc4 Nb5 18. Nxb5 Bxb5 19. Rfc1 Qc7 20. Qd2 dxe5 21. Be3 Nd6 22. Na3 c4 23. Bh6 Bxh6 24. Qxh6 Bd7 25. Qd2 Rfc8 26. g4 Qb6 27. Rc2 Ba4 28. Rcc1 Bd7 29. Rab1 Qd4 30. Qe2 Ba4 31. Nc2 Qd3 32. Qxd3 cxd3 33. Ne3 Rxc1+ 34. Rxc1 Rxb2 35. Ra1 Bc2 36. g5 f5 37. gxf6 exf6 38. Ra6 Rb1+ 39. Kh2 Nf5 40. d6 Rb8 41. Nc4 Rd8 42. Be4 Kg7 43. Ra7+ Kh6 44. d7 Ba4 45. Rxa4 Rxd7 46. Nd2 Ne7 47. Ra3 f5 48. Rxd3 Rc7 49. Bg2 e4 50. Rd6 Rc2 51. Kg1 Nc6 52. Bf1 Kg5 53. Bb5 Ne5 54. Kg2 Nd3 55. Rxd3 exd3 56. Nf3+ Kf6 57. Bxd3 Rc3 58. Bb1 1/2-1/2

[Event "Charlesbourg Zukertort"]
[Site "Charlesbourg CAN"]
[Date "2011.05.23"]
[Round "4"]
[White "Glode, Martin"]
[Black "Beaudoin, Stephane"]
[Result "0-1"]
[WhiteElo "1820"]
[BlackElo "1992"]
[PlyCount "120"]
[GameId "2160767909770567"]
[EventDate "2011.04.25"]
[EventType "swiss"]
[EventRounds "5"]
[EventCountry "CAN"]
[SourceTitle "EXT 2022"]
[Source "ChessBase"]
[SourceDate "2021.10.06"]
[SourceVersion "1"]
[SourceVersionDate "2021.10.06"]
[SourceQuality "1"]

1. e4 e6 2. d4 c5 3. c3 cxd4 4. cxd4 Nf6 5. Nc3 Bb4 6. Bd3 Nc6 7. Nge2 O-O 8. O-O e5 9. Nd5 Be7 10. Nxe7+ Qxe7 11. dxe5 Qxe5 12. Nc3 d6 13. h3 Be6 14. Be3 Qa5 15. Qa4 Qh5 16. Ne2 Qa5 17. Qxa5 Nxa5 18. Rfc1 Nc6 19. Nd4 Nb4 20. Bb1 Rac8 21. Rxc8 Rxc8 22. a3 Nc6 23. Bd3 Ne5 24. Be2 Nxe4 25. Rc1 Rxc1+ 26. Bxc1 a6 27. f4 Nc4 28. Bd3 Nc5 29. Bc2 d5 30. Kf2 Bd7 31. b3 Nd6 32. Bb2 b5 33. Ke3 f6 34. Bc3 Ncb7 35. Bd3 Kf7 36. h4 g6 37. Bb4 h5 38. g3 a5 39. Bc3 a4 40. bxa4 bxa4 41. Bb4 Bf5 42. Ba6 Bd7 43. Bd3 Nc4+ 44. Kf2 Nbd6 45. Nc2 Bf5 46. Bxc4 Ne4+ 47. Ke3 dxc4 48. Kd4 Nxg3 49. Ne3 Be6 50. Bd6 Ne2+ 51. Ke4 Nc3+ 52. Kf3 Nb5 53. Bc5 c3 54. Nc2 Bb3 55. Ne1 c2 56. Nd3 Nc3 57. Nc1 Ke6 58. Bd4 Nb5 59. Bb2 Bc4 60. Ke3 Kf5 0-1

[Event "Charlesbourg Zukertort"]
[Site "Charlesbourg CAN"]
[Date "2011.05.23"]
[Round "4"]
[White "Lessard, Claude"]
[Black "Fortier, Bertrand"]
[Result "1-0"]
[WhiteElo "2094"]
[BlackElo "1747"]
[PlyCount "99"]
[GameId "2160767909770568"]
[EventDate "2011.04.25"]
[EventType "swiss"]
[EventRounds "5"]
[EventCountry "CAN"]
[SourceTitle "EXT 2022"]
[Source "ChessBase"]
[SourceDate "2021.10.06"]
[SourceVersion "1"]
[SourceVersionDate "2021.10.06"]
[SourceQuality "1"]

1. d4 Nf6 2. Nf3 c5 3. dxc5 Nc6 4. Nbd2 e5 5. Nb3 Bxc5 6. Nxc5 Qa5+ 7. Bd2 Qxc5 8. a3 d5 9. b4 Qb6 10. e3 Bg4 11. h3 Bxf3 12. gxf3 e4 13. Bc3 d4 14. Bxd4 Nxd4 15. Qxd4 Qxd4 16. exd4 O-O 17. O-O-O exf3 18. Bd3 Rac8 19. Kb2 Rc7 20. Rhe1 g6 21. c4 b5 22. c5 a5 23. Bxb5 axb4 24. a4 Nd5 25. Kb3 Rd8 26. Rd3 Ne7 27. Kxb4 Rb7 28. Kc4 Rc7 29. d5 Nf5 30. Re8+ Rxe8 31. Bxe8 Nd6+ 32. Kb4 Nxe8 33. d6 Rb7+ 34. Kc4 Rd7 35. Kb5 f5 36. Kc6 Nf6 37. Kb6 Ne4 38. a5 Kf7 39. a6 Ke6 40. Rxf3 g5 41. Re3 Kd5 42. c6 Rxd6 43. Rd3+ Ke6 44. Rxd6+ Nxd6 45. a7 Nc8+ 46. Kb7 Nd6+ 47. Kb8 Ke7 48. a8=Q Kd8 49. c7+ Kd7 50. Qd5 1-0